00742nam a22002177i 4500003000900000005001700009007000300026008004100029040003100070041000800101082000700109100003900116245010000155264007000255300002700325336002800352337003300380338002800413600003400441650004900475DO-SdBNP20250307090452.0ta240501b1977 dr ||||| |||| 00| 0 spa d aDO-SdBNPbspacBNPHU erda aspa 42221 aPadilla d'Onis, Luis,eautor4aut.10aEl general Antonio Duverge ante el concepto de la historia : bsemblanza /cLuis Padilla d'Onis aSanto Domingo, República Dominicana :bEditorial Padillac1977. a95 páginas ;c23 cm. atextobtxt2rdacontent  asin mediaciónbn2rdamedia avolumenbnc2rdacarrier14aDuverge, Antonio, d1807-1845 4aRepública DominicanavHistoria y1845-1930